Clubs lewandowski has played for - Statistics

General Stats
  • This quiz has been taken 38 times
  • The average score is 4 of 6
Answer Stats
Hint Answer % Correct
2022- Barcelona
100%
2014-2022 Bayern
97%
2010-14 Dortmund
77%
2008-10 Lech Poznan
69%
2005 Delta Warsaw
40%
2006-08 Znicz Pruszkow
37%
No matching quizzes found
Score Distribution
Percent of People with Each Score
Percentile by Number Answered
Your Score History
You have not taken this quiz